Адвокатское расследование в уголовному процессе (Запис № 351223)

МАРК-запис
000 -Лідер
fixed length control field 01348nam a22002657a 4500
003 - Ідентифікатор контрольного номера
control field UA-OsUOA
001 - Контрольний номер
control field 65107
007 - Фіксоване поле фізичного опису
fixed length control field ta
008 - Елементи даних фіксованої довжини – загальна інформація
fixed length control field 20091113b un ||||| |||| 00| 0 ukr d
090 ## - Локальний шифр розміщення
Класифікаційний індекс УДК 343.13
Авторський знак (НП) М29
040 ## - Джерело каталогізації
Агенція оригінальної каталогізації UA-OsUOA
Мова каталогізації rus
Агенція, яка здійснювала перезапис UA-OsUOA
Агенція, яка здійснювала модифікацію UA-OsUOA
041 ## - Код мови
Код мови тексту/ звукової доріжки чи окремого заголовка (П) rus
080 ## - Індекс Універсальної десяткової класифікації
Індекс Універсальної десяткової класифікації (УДК) (НП) 343.13
020 ## - Міжнародний стандартний книжковий номер (ISBN)
Міжнародний стандартний книжковий номер (ISBN) (НП) 978-5-238-01704-4
100 ## - Основне введення – ім’я особи
Ім’я особи (НП) Мартынчик Е.
245 ## - Відомості про назву
Назва (НП) Адвокатское расследование в уголовному процессе
260 ## - Публікація, розповсюдження і т.п. (Вихідні дані)
Місце публікації, розповсюдження і т.п. (П) М.
300 ## - Фізичний опис
Обсяг 239 с.
520 3# - Резюме і т.п.
Резюме, реферат, анотація, тощо (НП) Работа посвящена разработке различных аспектов адвокатского расследования. Охвачены следующие блоки основных вопросов: теоретико-методологические основы доктрины адвокатского расследования; концепция адвокатского расследования; модель адвокатского рас
520 3# - Резюме і т.п.
Резюме, реферат, анотація, тощо (НП) следования в уголовном процессе. Для студентов и преподавателей юридических вузов и факультетов.
650 #7 - Додаткове предметне введення – тематичний термін
Тематичний термін чи географічна назва, як елемент введення (НП) 343 Кримінальне право. Карні порушення
Джерело заголовка чи терміна UDC
942 ## - Додаткові елементи входу (Коха)
Тип елемента Koha Книги
955 ## - Код типу видання за змістом
Код типу видання за змістом (НП) Навчальні видання
Фонди
Стан вилучень Стан втрат Джерело класифікації або схеми стелажів Стан уражень Не для кредиту Постійне місце розташування Поточне розміщення Дата придбання Джерело придбання Вартість, звичайна ціна покупки Інвентарний номер Повний номер виклику Штрих-код Дата останнього перегляду Ціна ефективна від Тип елемента Koha Примітка, призначена для загального доступу
    Universal Decimal Classification     ЧЗ - Читальна зала ЧЗ - Читальна зала 13/11/2009 130/2009 133.25 124707 343.13 М29 124707 06/02/2022 13/11/2009 Книги з автографом